Coulson and Richardson's chemical engineering. Vol.2. particle technology and separation processes [5th ed.] (Record no. 53161)
[ view plain ]
| 000 -LEADER | |
|---|---|
| fixed length control field | 00841nam a22002537a 4500 |
| 005 - DATE AND TIME OF LATEST TRANSACTION | |
| control field | 20260504165845.0 |
| 008 - FIXED-LENGTH DATA ELEMENTS--GENERAL INFORMATION | |
| fixed length control field | 260504b |||||||| |||| 00| 0 eng d |
| 020 ## - INTERNATIONAL STANDARD BOOK NUMBER | |
| International Standard Book Number | 9780750644457 |
| Qualifying information | pbk |
| 082 ## - DEWEY DECIMAL CLASSIFICATION NUMBER | |
| Classification number | 660.28 |
| Item number | RIC.v2.5E |
| 100 ## - MAIN ENTRY--PERSONAL NAME | |
| Personal name | Richardson, J.F. |
| 245 ## - TITLE STATEMENT | |
| Title | Coulson and Richardson's chemical engineering. Vol.2. particle technology and separation processes [5th ed.] |
| 250 ## - EDITION STATEMENT | |
| Edition statement | 5th ed. 2002 ; rep. 2007 |
| 260 ## - PUBLICATION, DISTRIBUTION, ETC. | |
| Place of publication, distribution, etc. | Oxford |
| Name of publisher, distributor, etc. | Butterworth-Heinemann, an imprint of Elsevier |
| Date of publication, distribution, etc. | 2002 |
| 300 ## - PHYSICAL DESCRIPTION | |
| Extent | xxi, 1156p. ; 24cm. |
| 440 ## - SERIES STATEMENT/ADDED ENTRY--TITLE | |
| Title | Butterworth-Heinemann titles in the Chemical engineering series ; 2 |
| 490 ## - SERIES STATEMENT | |
| Volume/sequential designation | vol. 2 |
| 653 ## - INDEX TERM--UNCONTROLLED | |
| Uncontrolled term | Chemical engineering |
| 653 ## - INDEX TERM--UNCONTROLLED | |
| Uncontrolled term | Particles |
| 653 ## - INDEX TERM--UNCONTROLLED | |
| Uncontrolled term | Separation (Technology) |
| 653 ## - INDEX TERM--UNCONTROLLED | |
| Uncontrolled term | CHE326 |
| 700 ## - ADDED ENTRY--PERSONAL NAME | |
| Personal name | Harker, J.H. |
| 700 ## - ADDED ENTRY--PERSONAL NAME | |
| Personal name | Backhurst, J.R. |
| 942 ## - ADDED ENTRY ELEMENTS (KOHA) | |
| Source of classification or shelving scheme | Dewey Decimal Classification |
| Koha item type | Book |
| Withdrawn status | Lost status | Source of classification or shelving scheme | Damaged status | Not for loan | Home library | Current library | Shelving location | Date acquired | Source of acquisition | Total Checkouts | Full call number | Barcode | Date last seen | Price effective from | Koha item type |
|---|---|---|---|---|---|---|---|---|---|---|---|---|---|---|---|
| Dewey Decimal Classification | LRC, IIT Indore | LRC, IIT Indore | 2nd Floor - General Stack | 29/04/2026 | PO_2025-26_PO-102 ,Vendor: Bombay Books, Mumbai ; Inv. No.: IN27, dt.16.04.2026 ; Price: USD 72.95 | 660.28 RIC.v2.5E | 38828 | 04/05/2026 | 04/05/2026 | Book |
